[Event "San Francisco TNM Fall op"]
[Site "San Francisco"]
[Date "2014.11.18"]
[Round "4"]
[White "Hack, Richard"]
[Black "Hakobyan, Sos"]
[Result "0-1"]
[WhiteElo "1664"]
[BlackElo "1953"]
[PlyCount "84"]
[EventDate "2014.10.21"]
[EventType "swiss"]
[EventRounds "8"]
[EventCountry "USA"]
[SourceTitle "EXT 2016"]
[Source "ChessBase"]
[SourceDate "2015.10.08"]
[SourceVersion "1"]
[SourceVersionDate "2015.10.08"]
[SourceQuality "1"]

1. e4 e6 2. d4 d5 3. Nc3 Nf6 4. e5 Nfd7 5. f4 c5 6. Nf3 Nc6 7. Be3 Be7 8. Be2 0-0 9. 0-0 a6 10. Qd2 b5 11. a3 Qb6 12. Rad1 Na5 13. f5 cxd4 14. Bxd4 Bc5 15. f6 Bxd4+ 16. Nxd4 Nxe5 17. Qg5 Ng6 18. fxg7 Kxg7 19. Qf6+ Kg8 20. Nxd5 Qd8 21. Qxd8 Rxd8 22. Nf6+ Kg7 23. Nxe6+ Bxe6 24. Bf3 Rxd1 25. Rxd1 Rc8 26. Nh5+ Kf8 27. c3 Ne5 28. Be4 Bg4 29. Rd5 Bxh5 30. Rxe5 Bg6 31. Bf3 Nc4 32. Re2 Bd3 33. Re1 Nxb2 34. Bb7 Rxc3 35. Bxa6 Rxa3 36. Bb7 b4 37. Bc6 Rc3 38. Re8+ Kg7 39. Bd5 Bc4 40. Bf3 Nd3 41. Kf1 Rc1+ 42. Ke2 Re1+ 0-1

[Event "San Francisco TNM Jay Whitehead op"]
[Site "San Francisco"]
[Date "2014.08.14"]
[Round "2"]
[White "Lee, Andy C"]
[Black "Hakobyan, Sos"]
[Result "1-0"]
[WhiteElo "2361"]
[BlackElo "1953"]
[PlyCount "57"]
[EventDate "2014.08.05"]
[EventType "swiss"]
[EventRounds "9"]
[EventCountry "USA"]
[SourceTitle "EXT 2016"]
[Source "ChessBase"]
[SourceDate "2015.10.08"]
[SourceVersion "1"]
[SourceVersionDate "2015.10.08"]
[SourceQuality "1"]

1. d4 Nf6 2. c4 c5 3. d5 d6 4. Nc3 Bf5 5. f3 g6 6. e4 Bc8 7. Bg5 Bg7 8. Qd2 a6 9. Bh6 0-0 10. h4 e6 11. h5 Bxh6 12. Qxh6 Qe7 13. 0-0-0 Re8 14. Kb1 e5 15. hxg6 fxg6 16. g3 Qg7 17. Qe3 b6 18. Bh3 Nbd7 19. Be6+ Kh8 20. f4 exf4 21. gxf4 Nf8 22. f5 Ng4 23. Qf4 Ne5 24. f6 Qc7 25. f7 Rxe6 26. dxe6 Qe7 27. Rxd6 Nxe6 28. Qxe5+ Ng7 29. Qxe7 1-0

[Event "San Francisco TNM Spring op"]
[Site "San Francisco"]
[Date "2014.04.29"]
[Round "7"]
[White "Hakobyan, Sos"]
[Black "Askin, Michael"]
[Result "0-1"]
[WhiteElo "1787"]
[BlackElo "1903"]
[PlyCount "80"]
[EventDate "2014.03.18"]
[EventType "swiss"]
[EventRounds "8"]
[EventCountry "USA"]
[SourceTitle "EXT 2016"]
[Source "ChessBase"]
[SourceDate "2015.10.08"]
[SourceVersion "1"]
[SourceVersionDate "2015.10.08"]
[SourceQuality "1"]

1. e4 c6 2. d4 d5 3. e5 Bf5 4. Nf3 e6 5. Bd3 Bxd3 6. Qxd3 c5 7. c3 Qb6 8. 0-0 Nc6 9. a4 Nge7 10. dxc5 Qxc5 11. Be3 Qa5 12. Qb5 Qc7 13. Bf4 Ng6 14. Bg3 h5 15. h4 Be7 16. Kh2 a6 17. Qe2 Qd8 18. Kh3 Nxh4 19. Bxh4 Bxh4 20. Nxh4 g5 21. f4 gxh4 22. Qf2 Rg8 23. Nd2 Rg3+ 24. Kh2 Ne7 25. c4 Nf5 26. cxd5 Ne3 27. Ne4 Ng4+ 28. Kg1 Nxf2 29. Nf6+ Kf8 30. Rxf2 Rg6 31. Nxh5 Qxd5 32. Raf1 h3 33. g3 Ke7 34. f5 exf5 35. Nf4 h2+ 36. Rxh2 Rxg3+ 37. Kf2 Qf3+ 38. Ke1 Qe3+ 39. Re2 Qc1+ 40. Kf2 Qxf4+ 0-1